Quizzes
Events
Quiz Creation
Community
Videos
Private Events
Remove Ads
Sign In
Join for FREE
Feedback
Dark Mode
Quiz Categories
Sports
Geography
Music
Movies
Television
Just For Fun
Miscellaneous
History
Literature
Language
Science
Gaming
Entertainment
Religion
Holiday
For Kids
Quiz Lab
Recent
Popular Today
Quiz Kudos Today
Editor Picks
Curator Picks
Quizzes by...
Day
Popularity
Type
Ratings
Length
Year
Community
Subscriptions
Recent Discussions
Orange Saloon
Badges
Playlists
Quests
Create
Leaderboards
Showdown
Live 5
Trivia Bingo
Activity
Puzzle Library
Sporcle Events
Private Events
Virtual Trivia
Globe League
Become a Host
Pub Owners
SporcleCon
Opinionation
Our Games
Videos
Blog
Mobile Apps
Partnerships
Remove Ads and Go Orange
Feedback
Sports
Athletes
MLB
NBA
NHL
NFL
Soccer
Sports Teams
WWE
NCAA
Football
Premier League
Basketball
Baseball
Hockey
Golf
Tennis
Cricket
Rugby
Auto Racing
Olympics
World Cup
Sports
Athletes
MLB
NBA
NHL
NFL
Soccer
Sports Teams
WWE
NCAA
Football
Premier League
Basketball
Baseball
Hockey
Golf
Tennis
Cricket
Rugby
Auto Racing
Olympics
World Cup
Random Quiz
Search Sporcle
×
Quiz Lab
Quiz Lab
Sports
Baseball
Type in answers that appear in a list
Type in answers that appear in a list
Classic
Best Score? Go Orange.
1951 Baseball Team Names Stats
Can you name the area by their highest-ranking pro baseball teams' nicknames sixty years ago?
By
ebessankamen
8m
56 Questions
152 Plays
152 Plays
152 Plays
Comments
Comments
Give Quiz Kudos
Give Quiz Kudos
-
- Ratings
hide this ad
Replay
Link that replays current quiz
Next Quiz
Link to next quiz in quiz playlist
You Got
0%
They Got
Avg Score
75%
Avg Friend Score
Upgrade to see
Score Distribution
Jump to the score distribution portion of the page
Score
0/56
Timer
08:00
0
Plays Today
League
Team
% Correct
American League
Cleveland
100%
American League
Boston
100%
American League
Detroit
100%
American League
New York
100%
American League
Chicago
100%
National League
New York
100%
National League
Chicago
100%
National League
Boston
100%
American League
Philadelphia
99.3%
American League
Washington
99.3%
National League
Philadelphia
99.3%
American League
St. Louis
98.7%
National League
St. Louis
98.7%
National League
Brooklyn
98%
National League
Pittsburgh
98%
National League
Cincinnati
96.1%
Pacific Coast League
San Diego
95.4%
American Association
Milwaukee
94.1%
Texas League
Dallas
93.4%
Pacific Coast League
Los Angeles
92.8%
Texas League
Houston
89.5%
Pacific Coast League
Seattle
88.2%
Pacific Coast League
San Francisco
88.2%
International League
Buffalo
87.5%
Pacific Coast League
Oakland
86.2%
Pacific Coast League
Portland
84.2%
International League
Toronto
83.6%
Southern Association
New Orleans
83.6%
League
Team
% Correct
American Association
Kansas City
82.9%
Southern Association
Atlanta
82.9%
American Association
Toledo
80.9%
International League
Baltimore
80.9%
Southern Association
Nashville
78.9%
Texas League
San Antonio
77%
Southern Association
Memphis
73%
American Association
Louisville
69.7%
American Association
Indianapolis
68.4%
Southern Association
Birmingham
66.4%
American Association
Minneapolis
63.8%
Texas League
Oklahoma City
61.2%
International League
Montreal
59.9%
International League
Rochester
58.6%
American Association
Columbus
56.6%
International League
Syracuse
56.6%
Pacific Coast League
Sacramento
55.3%
American Association
St. Paul
49.3%
Southern Association
Chattanooga
47.4%
Texas League
Fort Worth
46.7%
Texas League
Tulsa
46.7%
Southern Association
Little Rock
39.5%
Southern Association
Mobile
37.5%
Pacific Coast League
Hollywood
30.3%
International League
Springfield
27.6%
International League
Ottawa
25%
Texas League
Shreveport
19.1%
Texas League
Beaumont
11.8%
Quiz Playlist
Details
Report
Send in Message
Add To Playlist
Classic:
Type in answers that appear in a list
Last Updated: Feb 16, 2017
Quiz Scoreboard
CHALLENGE
Sign Up to Join the Scoreboard
Show All
Scores
Hide
Comments
May contain spoilers
Recently Published
Decade Duel: World Leaders
by jenniferyan
History
4m
Alphabetical 'K' Countries by Flag Minefield
by ylime102
Geography
3m
Pick 6: Fruits
by JohnFran
Miscellaneous
15s
More to Explore
Quiz From the Vault
Featured Blog Post
15 Basketball Trivia Facts You Can Be March Mad About
hide this ad
You Might Also Like...
Tags
Baseball Quiz
Ago
area
clock
League
nickname
pro
Sixty
team
Turn
Today's Top Quizzes in Sports
Browse Sports
hide this ad
Today's Top Quizzes in Baseball
Browse Baseball
Top Contributed Quizzes in Sports
1
Les joueurs à 100 buts en Ligue 1 Uber Eats
2
Pick 6: NFL Teams
3
2022 World Cup Stars
4
MLB 2 truths and a lie: Hall of Fame pitchers
5
Pick 6: Minor League Baseball
6
Millionaire: NBA Finals Edition
7
Click the 1998 NBA Draft
8
Criteria MLB: Left Handed Sluggers
9
Pick 6: Olympics
10
Pick 6: NFL WRs
Explore More
Trending Topics
Disney
Kpop
Crossword
Marvel
Harry Potter
NBA
Anime
Pokémon
Country
NFL
Song
Soccer
WWE
Puzzle
The Office
hide this ad
More By:
ebessankamen
Quiz
Plays
Rating
Category
Featured
Created
Colorado Rockies 25+ HRs Single Season
15,145
4.52
Sports
Feb 28, 2010
Home Run Leader By Year of Birth
13,559
4.48
Sports
Jan 7, 2010
Sub-3.00 ERA Pitchers of the 2000s
11,994
4.55
Sports
Dec 19, 2009
Cycling Quotient Year-End Top Ten Rankings
9,734
4.81
Sports
Jun 12, 2012
Top 25 in Home Runs: '01-'10
8,891
4.29
Sports
Oct 14, 2010
Go to Creator's Profile
Score Distribution
Quiz Creator Spotlight
ebessankamen
Follow
Send a Message
Quizzes Created
-
Created Quiz Play Count
-
More By This Creator
Popular Quizzes Today
1
Countries of Asia Without Outlines Minefield
2
Find the US States - No Outlines Minefield
3
Pick 6: Fruits
4
Alphabetical 'K' Countries by Flag Minefield
5
The Countries of the World
6
Find the Countries of Europe - No Outlines Minefield
7
Find the US States
8
US States
More Sports Quizzes
Man United Post-Fergie Managers' First Starting XIs
Quiz Lab
Trending Quizzes
Pick 6: Mountains
Pick 6: Harry Potter
Pick 6: Flags
Pick 6: NFL Teams
Pick 6: Movie Franchises
Recently Updated
Adaptations: Name the Title
pecheneg
NWSL Teams
pecheneg
Women's Final Four Teams by Year
bhenderson79
Presidents Quartet II
eogle
Anything But Clue(do)
eogle
Anything But Oceanian Capitals
eogle
Anything But 7
eogle
Anything But Thing
eogle
Word Ladder: February 29
pecheneg
Song Title Questions
pecheneg
Trending Topics
NBA
Kpop
Disney
Marvel
Anime
Crossword
Harry Potter
Country
Soccer
Pokémon
The Office
NFL
Puzzle
WWE
Song
Your Account Isn't Verified!
In order to create a playlist on Sporcle, you need to verify the email address you used during registration. Go to your
Sporcle Settings
to finish the process.
Report this User
Report this user for behavior that violates our
Community Guidelines
.
Details:
Send Report
Go to the Sporcle.com Mobile Site →
Comments